|
|
|
|
| LEADER |
00000nam a22000001i 4500 |
| 001 |
vtls009632381 |
| 003 |
SK-MaSNL |
| 005 |
20260301171428.0 |
| 008 |
240509s1995 xo rp 000 slo |
| 020 |
|
|
|a 8022506400
|
| 035 |
|
|
|a (SVKBBclas03)vtls000006012
|
| 035 |
|
|
|a urn:nbn:sk:snk-amllzl
|
| 035 |
|
|
|a urn:nbn:sk:snk-am00bs1j
|
| 035 |
|
|
|a B6031DD6-23D8-48A0-B0C0-3F8469B773FD
|
| 040 |
|
|
|a SNK
|b slo
|c SNK
|e AACR2
|
| 041 |
0 |
|
|a slo
|
| 044 |
|
|
|a xo
|c SK
|
| 080 |
|
|
|a 681.3.066 Windowa(075.8)
|2 1981
|
| 100 |
1 |
|
|a Hvorecký, Jozef,
|d 1946-,
|4 aut
|9 243787
|
| 245 |
1 |
0 |
|a Štandardné programové vybavenie
|n Časť 1
|p Windows
|c Jozef Hvorecký
|
| 250 |
|
|
|a 1. vyd.
|
| 260 |
|
|
|a Bratislava
|b Ekonomická univerzita
|c 1995
|
| 300 |
|
|
|a 67 s.
|b Pozn., obr.
|
| 490 |
1 |
|
|a Vysokoškolské skriptá
|
| 655 |
|
7 |
|a Textbooks (higher)
|2 SNKPHeng
|9 276436
|
| 655 |
|
7 |
|a učebnice vysokých škôl
|2 SNKPH
|9 70191
|
| 810 |
2 |
|
|a Ekonomická univerzita v Bratislave.
|b Fakulta hospodárskej informatiky
|t Vysokoškolské skriptá
|9 407302
|
| 919 |
|
|
|a 8022506400
|
| 999 |
|
|
|c 830803
|d 832733
|
| 952 |
|
|
|t P60, <09>, [BOOK], {629}
|a SNK
|b SNK
|y NEVYP
|7 0
|o snkB 872
|i snk2741/950811
|0 0
|1 0
|4 0
|d 1995-08-10
|l 0
|r 2004-12-31 00:00:00
|w 2026-02-24
|
| 952 |
|
|
|t P60, <03>, [BOOK], {603}
|a SNK
|b SNK
|y PREZ
|7 0
|p 17A0019070
|o snkSB 54339/1
|i snkKSP 7182/95
|0 0
|1 0
|4 0
|d 1995-08-10
|f 1
|l 0
|r 2016-12-31 00:00:00
|w 2026-02-24
|
| 952 |
|
|
|t P60, <04>, [BOOK], {604}
|a SNK
|b SNK
|y VYP
|7 0
|p 17A0001577
|o snkSB 54339/1 D1
|i snkKSP 7183/95
|0 0
|1 0
|4 0
|d 1995-08-10
|l 0
|r 2004-12-31 00:00:00
|w 2026-02-24
|